| 000 | 02034cas a2200469 a 4500 | ||
|---|---|---|---|
| 001 | 11315915 | ||
| 003 | OSt | ||
| 005 | 20230620113024.0 | ||
| 008 | 860514d19861999dcuar 0 a0eng c | ||
| 010 |
_a 86646879 _zsn 86014364 _z 85009657 |
||
| 022 | 0 |
_a0888-8590 _l0888-8590 _21 |
|
| 035 | _a(OCoLC)ocm13566983 | ||
| 040 |
_aVIA _beng _cVIA _dNSD _dHUL _dDLC _dNST _dDLC _dNST _dFUG _dNST _dMYG _dNYG _dNST _dIUL _dNST _dIUL _dNST _dGUA _dWAU _dOCLCG _dOCLCQ _dTULIB _dOCLCF _dOCLCO _dOCLCQ _dCSJ _dOCLCA _dOCLCQ _dGILDS _dOCLCO _dCPO _dOCLCA _dOCLCQ _dOCLCO |
||
| 042 |
_ansdp _apcc |
||
| 043 | _an-us--- | ||
| 050 | 0 | 0 |
_aJK2403 _b.S715 |
| 082 | 0 | 0 |
_a320.973 _219 _bBEY |
| 130 | 0 | _aState government (Washington, D.C.) | |
| 210 | 0 |
_aState gov. _b(Wash. D.C.) |
|
| 222 | 0 |
_aState government _b(Washington, D.C.) |
|
| 245 | 1 | 0 | _aState government. |
| 260 |
_aWashington, D.C. : _bCongressional Quarterly, Inc., _c©1992-©1993. |
||
| 300 |
_a14 volumes : _billustrations ; _c24 cm |
||
| 310 | _aAnnual | ||
| 336 |
_atext _btxt _2rdacontent |
||
| 337 |
_aunmediated _bn _2rdamedia |
||
| 338 |
_avolume _bnc _2rdacarrier |
||
| 362 | 0 | _a1985-86-1998-99. | |
| 500 | _aEdited by Thad L. Beyle. | ||
| 590 | _aSERBIB/SERLOC merged record | ||
| 650 | 0 |
_aState governments _vPeriodicals. |
|
| 650 | 7 |
_aState governments. _2fast _0(OCoLC)fst01131814 |
|
| 655 | 7 |
_aPeriodicals. _2fast _0(OCoLC)fst01411641 |
|
| 655 | 7 |
_aPeriodicals. _2lcgft |
|
| 700 | 1 |
_aBeyle, Thad L., _d1934-2018. |
|
| 710 | 2 | _aCongressional Quarterly, inc. | |
| 776 | 0 | 8 |
_iOnline version: _tState government (Washington, D.C.) _w(OCoLC)649585468 |
| 785 | 0 | 0 |
_tState and local government (Washington, D.C.) _w(DLC)sn 99047347 _w(OCoLC)42061408 |
| 906 |
_a7 _bcbc _cserials _d2 _encip _f19 _gn-oclcserc |
||
| 942 |
_2ddc _cBK |
||
| 999 |
_c1647 _d1647 |
||